000 00678cam a2200181 4500
005 20251006134850.0
008 190404b ag ||||| |||| 00| 0 spa d
020 _a9505084226
050 0 4 _aKHA1295
_bA73 1994
100 1 _aAramouni, Alberto
245 1 3 _aEl objeto en las sociedades comerciales
_b : cláusulas enunciativas, cooperativas, legislación y jurisprudencia aplicables, modelos típicos
_c / Alberto Aramouni
250 _a2a ed.
260 _aBuenos Aires :
_bAstrea de Alfredo y Ricardo Depalma,
_c1994
300 _axxxi, 259 p. ;
_c20 cm.
500 _aIncluye índice
650 7 _2lemb
_aSociedades comerciales
_xLegislación
_zArgentina
942 _2lcc
_cLIB
999 _c71121
_d71121